000 01399nam a2200337Ia 4500
001 ebr10171158
003 CaPaEBR
006 m u
007 cr cn|||||||||
008 030227s2003 mdu sb 001 0deng d
020 _z1930901763
040 _aCaPaEBR
_cCaPaEBR
035 _a(OCoLC)191935675
050 1 4 _aDA959
_b.J64 2003eb
082 0 4 _a941.7082/092/2
_221
100 1 _aJohnston, Roy H. W.,
_d1930-
245 1 0 _aCentury of endeavour
_h[electronic resource] :
_ba biographical and autobiographical view of the 20th century in Ireland /
_cRoy H.W. Johnston.
260 _aBethesda, Md. :
_bAcademica Press,
_c2003.
300 _aviii, 576 p.
490 1 _aIrish research series ;
_v46
504 _aIncludes bibliographical references and index.
533 _aElectronic reproduction.
_bPalo Alto, Calif. :
_cebrary,
_d2009.
_nAvailable via World Wide Web.
_nAccess may be limited to ebrary affiliated libraries.
600 1 0 _aJohnston, Roy H. W.,
_d1930-
_xHomes and haunts
_zIreland.
651 0 _aIreland
_xHistory.
651 0 _aIreland
_xHistory
_y20th century.
651 0 _aIreland
_xHistory
_y20th century
_vBiography.
655 7 _aElectronic books.
_2local
710 2 _aebrary, Inc.
830 0 _aIrish research series ;
_v46.
856 4 0 _uhttp://site.ebrary.com/lib/rucke/Doc?id=10171158
_zAn electronic book accessible through the World Wide Web; click to view
999 _c139814
_d139814